000 00898namaa2200253 i 4500
001 173514
003 ES-MaACL
005 20251007171357.0
008 091203s2000 sp | |||| ||spa d
020 _a84-7030-864-5
040 _aSpMaBN
_bspa
_cSpMaBN
_erdc
080 _a821.112.2(437)-31"19"
100 0 _aKafka, Franz,
_d1883-1924
_967400
245 1 3 _aLa metamorfosis /
_cFranz Kafka ; introducción de José Mª González García ; [traducción de Carlos Fortea].
260 _aMadrid :
_bBiblioteca Nueva,
_c[2000]
300 _a131 p. ;
_c21 cm.
490 1 _aClásicos del pensamiento ;
_v11
700 0 _aGonzález García, José María,
_d1950-
_958652
700 1 _aFortea, Carlos,
_d1963-
_951844
830 0 0 _aClásicos del pensamiento
_v11
_9177261
852 _aES-MaACL
_jE-13224
_zDonativo doctor Calles
_9180210
942 _2udc
999 _c173514
_d173514